| 000 | 01573cam a2200229 4500 | ||
|---|---|---|---|
| 001 | ##L132079 | ||
| 008 | 060103n2005 000 0 eng u | ||
| 020 | _a0102936528 | ||
| 035 | _a(Sirsi) u132079 | ||
| 041 | 0 | _aeng | |
| 050 | 0 | 4 | _a306.1 $2 18 |
| 110 | 1 |
_aUnited Kingdom _bNational Audit Office _91350 |
|
| 245 | 0 | 0 |
_aBuilding more affordable homes _bimproving the delivery of affordable housing in areas of high demand _h[electronic resource] |
| 260 | _c2005 | ||
| 520 | _aInvestigates the strength and efficiency of the delivery chain in place to improve the balance between housing availability and demand. Finds that most local authorities do not believe that they will be able to meet the demand for affordable housing in the next three years. Highlights the challenges faced by local authorities and government in addressing the provision of the large number of affordable homes necessary but shows that good progress is being made to increase the numbers of affordable homes and to build them more efficiently. Recommendations are made to national, regional and local bodies to improve the speed of housing delivery and to reduce the unit cost of homes. The ODPM has published a response to this study. | ||
| 590 | _aIKA030106 | ||
| 650 |
_aAffordable housing _96215 |
||
| 690 | _aPROPERTY-RESIDENTIAL PROPERTY-RESIDENTIAL PROPERTY DEVELOPMENT | ||
| 710 | 1 |
_aUnited Kingdom _bAudit Commission _93863 |
|
| 856 | 4 | 0 |
_uhttps://www.nao.org.uk/publications/0506/building_more_affordable_homes.aspx _zView the study free of charge at www.nao.org.uk |
| 942 | _n0 | ||
| 999 |
_c105008 _d105008 |
||